000 00505nam a22001817a 4500
999 _c191788
_d191788
005 20220905101330.0
010 _aENG-134857
020 _c120.00
_a9788179664643
035 _aEN-118389
037 _bDBAD/PUB
082 _aN
100 _aSuryanganthan
245 _aThe morning star/
_cSuryanganthan
260 _c2018
_aChennai
_bEmerald Publishers
270 _a19B Shrinagar 15A, First Floor, Casa Major Raod, Egmore
_bChennai
_e600008
300 _a104p
_c21cm(pb)
942 _2ddc
_cEN
_hN
_mSUR